00507nam a2200157Ia 4500008004100000041001200041082001100053100001500064245007600079260000600155650000600161700001800167942000700185999001700192952014000209221030s9999 xx 000 0 und d aEnglish a105.23 aF. P. Beer 0aVector Mechanics for Engineers : Dynamicscby F. P. Beer, E. R. Johnson c0 aB aE. R. Johnson cBK c11245d11245 pB 156l0o105.23 r2022-10-30 00:00:00w2022-10-30yBK003Print4070aMIETLIBbMIETLIBcBL-, FL-, CUP-0, SH-0, R-0d2012-06-0710HBE